| 000 -ლიდერი |
| ფიქსირებული სიგრძის საკონტროლო ველი |
01018nam a22001937a 4500 |
| 003 - საკონტროლო ნომრის იდენტიფიკატორი |
| საკონტროლო ველი |
Ge_BSU |
| 005 - ბოლო ოპერაციის თარიღი და დრო |
| საკონტროლო ველი |
20260224114950.0 |
| 008 - ფიქსირებული სიგრძის მონაცემთა ელემენტები - ზოგადი ინფორმაცია |
| ფიქსირებული სიგრძის საკონტროლო ველი |
260224s1994 ge ||||| |||| 00| 0 geo d |
| 041 ## - ენის კოდი |
| Language code of text/sound track or separate title |
geo |
| 080 ## - უნივერსალური ათობითი კლასიფიკაციის ინდექსი |
| Universal Decimal Classification number |
640.24:658.5 მ-54 |
| 100 ## - მთავარი ჩანაწერი - პიროვნების სახელი |
| Personal name |
მელუა, ამირან |
| 9 (RLIN) |
26954 |
| 245 ## - ცნობა სათაურის შესახებ |
| Title |
წარმოების ორგანიზაცია საზოგადოებრივ კვებაში / |
| Statement of responsibility, etc |
ამირან მელუა, ლ. ყორღანაშვილი; [რედ.: გ. ფარაჯევა]. |
| 264 ## - წარმოების, გამოცემის, დისტრიბუციის და სხვა ცნობები |
| გამოცემის, წარმოების, დისტრიბუციის... ადგილი |
თბ. : |
| გამოცემის, წარმოების, დისტრიბუციის... სახელწოდება |
თბილ. უნ-ტის გამ-ბა, |
| გამოცემის, წარმოების, დისტრიბუციის... თარიღი |
1994. |
| 300 ## - ფიზიკური აღწერა |
| Extent |
243 გვ. ; |
| Other physical details |
20 სმ. |
| 653 ## - INDEX TERM--UNCONTROLLED |
| Uncontrolled term |
საზოგადოებრივი კვების საწარმოების მართვა |
| 700 ## - ADDED ENTRY--PERSONAL NAME |
| Personal name |
ყორღანაშვილი, ლარისა |
| Relator term |
ავტორი |
| 9 (RLIN) |
14273 |
| 700 ## - ADDED ENTRY--PERSONAL NAME |
| Personal name |
ფარაჯევა, გ. |
| Relator term |
რედაქტორი |
| 9 (RLIN) |
15667 |
| 942 ## - ADDED ENTRY ELEMENTS (KOHA) |
| Source of classification or shelving scheme |
|
| Koha item type |
წიგნი |